| 000 | 01002nmc a2200337 a 4500 | ||
|---|---|---|---|
| 003 | AR-BaBNM | ||
| 005 | 20251128210408.0 | ||
| 008 | 170020s1992 ||||||||||||||000 | spa|| | ||
| 020 | _a950-9413-45-3 | ||
| 040 | _cAR-BaBNM | ||
| 245 | 1 | 0 |
_aLos tres pelos del diablo _bcuentos maravillosos de la cultura popular argentina |
| 260 |
_aBuenos Aires _bEdiciones del Sol _c1992 |
||
| 300 |
_a123 p. _bil. |
||
| 490 | 0 |
_aBiblioteca de cultura popular _vv. 16 |
|
| 500 | _aContiene referencias bibliográficas en p. 121 | ||
| 650 | 4 | _aFOLKLORE | |
| 650 | 4 | _aLITERATURA POPULAR | |
| 650 | 4 | _aCOSTUMBRES Y TRADICIONES | |
| 650 | 4 | _aLITERATURA FOLKLORICA | |
| 650 | 4 | _aLEYENDAS | |
| 650 | 4 | _aIDENTIDAD CULTURAL | |
| 650 | 4 | _aTRADICION ORAL | |
| 650 | 4 | _aSUPERSTICION | |
| 651 | 4 | _aArgentina | |
| 653 | _aLITERATURA FANTASTICA | ||
| 653 | _aCUENTO MARAVILLOSO | ||
| 700 | 1 |
_aPalleiro, María Inés _ecompilador |
|
| 800 | 1 |
_aColombres, Adolfo _edirector |
|
| 942 | _cBK | ||
| 998 | _cMARTIN | ||
| 999 |
_c15298 _d15298 |
||